<?xml version="1.0" encoding="UTF-8"?>
<record
    xmlns:xsi="http://www.w3.org/2001/XMLSchema-instance"
    xsi:schemaLocation="http://www.loc.gov/MARC21/slim http://www.loc.gov/standards/marcxml/schema/MARC21slim.xsd"
    xmlns="http://www.loc.gov/MARC21/slim">

  <leader>00968cam6a220026500 4500</leader>
  <controlfield tag="001">lce01151745</controlfield>
  <controlfield tag="008">690709s1968    nbuabe   b    000 0 eng  </controlfield>
  <datafield tag="010" ind1=" " ind2=" ">
    <subfield code="a">   79600250 //r892</subfield>
  </datafield>
  <datafield tag="035" ind1=" " ind2=" ">
    <subfield code="a">(Sirsi) r89666</subfield>
  </datafield>
  <datafield tag="035" ind1=" " ind2=" ">
    <subfield code="a">(DLC)   79600250 //r892</subfield>
  </datafield>
  <datafield tag="035" ind1=" " ind2=" ">
    <subfield code="a">(UPRA)lce01151745</subfield>
  </datafield>
  <datafield tag="043" ind1=" " ind2=" ">
    <subfield code="a">n-us-sd</subfield>
  </datafield>
  <datafield tag="050" ind1="0" ind2=" ">
    <subfield code="a">E78.S63</subfield>
    <subfield code="b">H59</subfield>
  </datafield>
  <datafield tag="082" ind1=" " ind2=" ">
    <subfield code="a">970.4/83/55</subfield>
  </datafield>
  <datafield tag="100" ind1="1" ind2=" ">
    <subfield code="a">Hoffman, John Jacob, 1931-</subfield>
    <subfield code="d">Hoffman, John Jacob, 1931-</subfield>
    <subfield code="6">A49209.1</subfield>
  </datafield>
  <datafield tag="245" ind1="1" ind2="4">
    <subfield code="a">The La Roche sites,</subfield>
    <subfield code="c">by J. J. Hoffman. Editor: Jerome E. Petsche.</subfield>
  </datafield>
  <datafield tag="260" ind1=" " ind2=" ">
    <subfield code="a">Lincoln, Neb.,</subfield>
    <subfield code="c">1968.</subfield>
  </datafield>
  <datafield tag="490" ind1="1" ind2=" ">
    <subfield code="a">River Basin Surveys. Publications in salvage archeology,</subfield>
    <subfield code="v">no. 11</subfield>
  </datafield>
  <datafield tag="504" ind1=" " ind2=" ">
    <subfield code="a">Bibliography: p. 94-97.</subfield>
  </datafield>
  <datafield tag="650" ind1=" " ind2="0">
    <subfield code="a">Salvage archaeology -- South Dakota.</subfield>
    <subfield code="z">Salvage archaeology -- South Dakota.</subfield>
    <subfield code="6">S37912.1</subfield>
  </datafield>
  <datafield tag="651" ind1=" " ind2="0">
    <subfield code="a">La Roche site.</subfield>
    <subfield code="6">S37930.1</subfield>
  </datafield>
  <datafield tag="830" ind1=" " ind2="0">
    <subfield code="a">Publications in salvage archeology ;</subfield>
    <subfield code="v">no. 11.</subfield>
    <subfield code="6">S8076.1</subfield>
  </datafield>
  <datafield tag="949" ind1=" " ind2=" ">
    <subfield code="a">E78.S63</subfield>
    <subfield code="w">lcc</subfield>
    <subfield code="i">-125927</subfield>
    <subfield code="m">MAIN</subfield>
    <subfield code="t">BOOK</subfield>
    <subfield code="l">ON-SHELF</subfield>
  </datafield>
  <controlfield tag="004">89666</controlfield>
  <datafield tag="999" ind1=" " ind2=" ">
    <subfield code="c">201544</subfield>
    <subfield code="d">201543</subfield>
  </datafield>
</record>
